000 00933nam a2200253Ia 4500
003 OSt
005 20220923225320.0
006 a|||||r|||| 00| 0
007 ta
008 220922b |||||||| |||| 00| 0 hin d
024 _a263,295
037 _cTextual
040 _aARTS
_cARTS
_bhin
041 _2hin
_ahin
082 _aV495,2y7N12, 152L7
100 _aकिम इल सुंग
245 0 _aदेश के स्वतंत्र, शांतिपूर्ण पुनरेकीकरण के लिए
246 _aDesh ke svatantra, shāantipūrṇa punarekīkaraṇ ke lie
260 _aनयी दिल्ली
_b अखिल भारतीय भारत - कोरिया
_c1977
300 _a304पृ.
_ccm.
650 _aविश्व-इतिहास
942 _hV495,2y7N12, 152L7
_cTEXL
_2CC
999 _c377527
_d377527